Fragen aus Kommentaren! - Statistiken

Allgemein
  • Dieses Quiz wurde 191 mal gespielt
    166 seit der letzten Aktualisierung
  • Das Durchschnittsergebnis liegt bei 3 aus 10
Antwortstatistiken
Nutzer Frage Antwort % Korrekt
GeoGrapher01 Was ist die häufigste Baumart in Deutschland? Fichte
61%
DawnX Was ist das Nationaltier Schottlands? Das Einhorn
49%
DawnX Nach welcher kleinen Stadt in Luxemburg mit 4800 Einw. ist eine Zone innerhalb der EU benannt in der keine Grenzkontrollen stattfinden? Schengen
44%
DawnX Welche Partei nannte sich 2023 in Die HEIMAT um? NPD
41%
Kaesewuerfel Welches Land hat relativ gesehen die meisten Millionäre? Schweiz
34%
DawnX Was war der Verein der die wenigsten Punkte insg. in der Bundesliga erzielt hat/in der ewigen Tabelle den letzten Platz belegte, bis Holstein Kiel dieses Jahr aufgestiegen ist? SC Tasmania 1900 Berlin
29%
DawnX Was ist die größte deutsche Stadt, die niemals einen Verein in der Bundesliga hatte? Bonn
27%
DawnX Welches de facto unabhängige Gebiet hat Aserbaidschan im Herbst 2023 zurückerobert? Bergkarabach
20%
DawnX Welches Land hat 2015 begonnen, eine neue Hauptstadt zu bauen, die nach Plan 6.5 Millionen Einwohner beherbergen soll? Ägypten
15%
DawnX In welchem französischem Territorium brachen 2024 Unruhen aus wegen einer vorgeschlagenen Wahlreform? Neukaledonien
6%
Keine übereinstimmenden Quizze gefunden
Verteilung der Resultate
Anzahl Personen mit jedem Resultat
Perzentil nach korrekt beantworteten Fragen
Ihre Resultats-Entwicklung
Sie haben dieses Quiz seit der letzten Aktualisierung nicht gespielt